Widok standardowy
Widok MARC
Pozycja Corporate Name
Liczba rekordów, w których użyto hasła: 1
001 - Numer kontrolny
- control field: 40500
003 - Identyfikator numeru kontrolnego
- control field: NUKAT
005 - Data i czas ostatniej modyfikacji
- control field: 20260424215746.0
008 - Dane kontrolne kodowane (40 znaków)
- fixed length control field: 981215n||a|znnaabn |a ana |c
010 ## - Numer kontrolny Biblioteki Kongresu
- numer kontrolny LC: n 98069827
024 7# - OTHER STANDARD IDENTIFIER
- Standard number or code: 136034175
- Source of number or code: viaf
024 7# - OTHER STANDARD IDENTIFIER
- Standard number or code: 0000000092706895
- Source of number or code: isni
040 ## - Instytucja sporządzająca rekord
- inst. przygot. dane do rek. khw: WA U/EZ
- język haseł przedmiotowych/tezaurus: kaba
- inst. wprow. rek. khw: WA U/EZc
- inst. modyf. rek. khw: POZN U/EMs
110 2# - Hasło - nazwa ciała zbiorowego
- nazwa ciała zbior. lub geogr. na pocz.: Towarzystwo Miłośników Miasta Poznania.
510 2# - Trop zob. też - nazwa ciała zbiorowego
- podpole kontrolne: a
- nazwa ciała zbior. lub geogr. na pocz.: Towarzystwo Krajoznawcze.
- nazwa jednostki podrzędnej: Sekcja Miłośników Miasta Poznania.
510 2# - Trop zob. też - nazwa ciała zbiorowego
- podpole kontrolne: b
- nazwa ciała zbior. lub geogr. na pocz.: Towarzystwo Miłośników Miasta Poznania im. Cyryla Ratajskiego.
665 ## - Nota historyczna
- nota historyczna: Sekcja Miłośników Miasta Poznania utworzona w 1914 przy Towarzystwie Krajoznawczym. Od 1922 nazwa: Towarzystwo Miłośników Miasta Poznania. Od 1990: Towarzystwo Miłośników Miasta Poznania im. Cyryla Ratajskiego.
670 ## - Źródło informacji
- źródło informacji: Kronika Miasta Poznania. - 1959, nr 1.
670 ## - Źródło informacji
- źródło informacji: Jawor 94/95